| 000 | 00437cam a22001217a 4500 | ||
|---|---|---|---|
| 008 | 180718b-- xxu||||| |||| 00| 0 eng d | ||
| 082 | _aL906x5453 G | ||
| 245 | _aAccounts at a glance, Kerala | ||
| 260 |
_aThiruvananthapuram _bAccountant General (Accounts and Entitlement) _c-- |
||
| 500 | _aLibrary has 1998/99-2010/11 | ||
| 650 | _aKerala - Appropriations and expenditures | ||
| 700 | _aKerala. Accountant General (Accounts and Entitlement) | ||
| 999 |
_c488517 _d488517 |
||